| 000 | 00628cam a22002172 4500 | ||
|---|---|---|---|
| 001 | 0000004778 | ||
| 005 | 20151217145821.0 | ||
| 008 | 070529s xx 000 0 eng d | ||
| 020 |
_a0198526857 : _cKES 3,540 |
||
| 040 |
_aKABU _cKABU |
||
| 050 | 0 |
_aQL776 _b.S65 |
|
| 100 | 1 |
_aSmith, John Maynard. _@0000155271 |
|
| 245 | 1 | 0 |
_aAnimal signals / _cJohn Maynard Smith, David Harper. |
| 260 |
_aOxford : _bOUP, _c2003. |
||
| 300 | _aix, 166 p. | ||
| 650 | 0 |
_aAnimal communication. _@0000155192 |
|
| 700 | 1 |
_aHarper, David. _@0000155580 |
|
| 908 | _a070529 | ||
| 950 | _@1 | ||
| 999 |
_c2877 _d2877 |
||